Bài tập vật liệu xây dựng
Trình bày những vấn đề cơ bản của vật liệu xây dựng, những loại vật liệu gốm, chất kết dính vô cơ, bê tông xi măng, gỗ cùng các bài tập và bài giải.
Zapisane w:
| 1. autor: | |
|---|---|
| Kolejni autorzy: | , , |
| Format: | Książka |
| Język: | Vietnamese |
| Wydane: |
H.
Giáo Dục Việt Nam
1997
|
| Wydanie: | Tái bản lần thứ 2 |
| Hasła przedmiotowe: | |
| Etykiety: |
Dodaj etykietę
Nie ma etykietki, Dołącz pierwszą etykiete!
|
| Thư viện lưu trữ: | Thư viện Trường Đại học Nam Cần Thơ |
|---|
| LEADER | 01471aam a22002658a 4500 | ||
|---|---|---|---|
| 001 | NCT_36459 | ||
| 008 | 090916s2009 ||||||viesd | ||
| 999 | |c 1759 |d 1759 | ||
| 020 | |c 12600 | ||
| 082 | 0 | 4 | |2 23rd ed. |a 691.076 |b L550 |
| 100 | 1 | |a Phùng Văn Lự |e Chủ biên | |
| 245 | 1 | 0 | |a Bài tập vật liệu xây dựng |c Phùng Văn Lự (chủ biên) |
| 250 | |a Tái bản lần thứ 2 | ||
| 260 | |a H. |b Giáo Dục Việt Nam |c 1997 | ||
| 300 | |a 204 tr. |c 20.5 cm | ||
| 520 | 3 | |a Trình bày những vấn đề cơ bản của vật liệu xây dựng, những loại vật liệu gốm, chất kết dính vô cơ, bê tông xi măng, gỗ cùng các bài tập và bài giải. | |
| 653 | |a Kỹ thuật công trình xây dựng | ||
| 700 | |a Nguyễn Anh Đức | ||
| 700 | |a Phạm Hữu Hạnh | ||
| 700 | |a Trịnh Hồng Tùng | ||
| 942 | |2 ddc |c BK | ||
| 952 | |0 0 |1 0 |2 ddc |4 0 |6 691_076000000000000_L550 |7 0 |9 8676 |a 000001 |b 000001 |d 2018-05-23 |o 691.076 L550 |p MD.08131 |r 2018-05-23 |v 12600.00 |w 2018-05-23 |y BK | ||
| 952 | |0 0 |1 0 |2 ddc |4 0 |6 691_076000000000000_L550 |7 0 |9 8677 |a 000001 |b 000001 |d 2018-05-23 |o 691.076 L550 |p MD.08132 |r 2018-05-23 |v 12600.00 |w 2018-05-23 |y BK | ||
| 952 | |0 0 |1 0 |2 ddc |4 0 |6 691_076000000000000_L550 |7 0 |9 8678 |a 000001 |b 000001 |d 2018-05-23 |o 691.076 L550 |p MD.08133 |r 2018-05-23 |v 12600.00 |w 2018-05-23 |y BK | ||
| 980 | |a Thư viện Trường Đại học Nam Cần Thơ | ||